[Event "GER-ch 2013-B-V8 serv"]
[Site "GER email"]
[Date "2013.04.23"]
[Round "?"]
[White "Scharf, Wolfgang"]
[Black "Krumm, Guenther"]
[Result "0-1"]
[WhiteElo "2011"]
[BlackElo "2051"]
[PlyCount "138"]
[EventDate "2013.05.01"]
[EventType "tourn (corr)"]
[EventRounds "6"]
[EventCountry "GER"]
[SourceTitle "Corr 2015"]
[Source "ChessBase"]
[SourceDate "2015.07.17"]
[SourceVersion "1"]
[SourceVersionDate "2015.07.17"]
[SourceQuality "1"]

1. d4 Nf6 2. c4 e6 3. Nf3 b6 4. g3 Bb7 5. Bg2 Be7 6. 0-0 0-0 7. Nc3 Ne4 8. Bd2 d6 9. d5 Nxc3 10. Bxc3 Bf6 11. Rc1 Bxc3 12. Rxc3 e5 13. e4 a5 14. Ne1 Na6 15. Qd2 f6 16. Re3 Bc8 17. Nd3 Bd7 18. Rfe1 a4 19. Qc3 Qb8 20. Bf3 Nc5 21. Qc2 Qc8 22. Nxc5 bxc5 23. Rb1 Rb8 24. Qe2 Rb6 25. Rc3 g6 26. Ra3 Kg7 27. b3 h5 28. Kg2 Qb7 29. Qd2 Rh8 30. h4 Ra8 31. Be2 Raa6 32. Bd1 axb3 33. Raxb3 Rxb3 34. Rxb3 Qa7 35. Rb2 Qa8 36. Bb3 Qc8 37. Qe3 Bh3+ 38. Kg1 Ra3 39. Rb1 Qb8 40. Kh2 Bd7 41. Qc1 Qb4 42. Bd1 Rc3 43. Rxb4 Rxc1 44. Rb7 Kf8 45. Rxc7 Ke8 46. Bb3 Bg4 47. Kg2 Rc3 48. f4 Bf3+ 49. Kf2 Bxe4 50. Ba4+ Kf8 51. Rc8+ Kg7 52. fxe5 fxe5 53. Rc7+ Kh6 54. Bb5 Rf3+ 55. Ke2 Rxg3 56. Rc6 Rg4 57. Rxd6 Rxh4 58. Rd8 Rh2+ 59. Ke3 Bf5 60. d6 Rh3+ 61. Kf2 Kg5 62. d7 Rd3 63. a4 e4 64. a5 Bg4 65. Re8 Bxd7 66. Rxe4 Bg4 67. a6 Ra3 68. Re7 Ra2+ 69. Kg1 h4 0-1

[Event "GER-ch 2013-A-V3 serv"]
[Site "GER email"]
[Date "2013.02.16"]
[Round "?"]
[White "Wilshusen, Horst"]
[Black "Scharf, Wolfgang"]
[Result "0-1"]
[WhiteElo "1538"]
[BlackElo "2011"]
[PlyCount "60"]
[EventDate "2013.02.25"]
[EventType "tourn (corr)"]
[EventRounds "6"]
[EventCountry "GER"]
[SourceTitle "Corr 2015"]
[Source "ChessBase"]
[SourceDate "2015.07.17"]
[SourceVersion "1"]
[SourceVersionDate "2015.07.17"]
[SourceQuality "1"]

1. e4 c5 2. Nf3 e6 3. d4 cxd4 4. Nxd4 Nc6 5. Nc3 Nf6 6. Be3 Bb4 7. Bd3 d5 8. Nxc6 bxc6 9. e5 Nd7 10. Qg4 Bf8 11. Qg3 Rb8 12. Rb1 h5 13. h4 g6 14. 0-0 Be7 15. Bg5 Bxg5 16. hxg5 h4 17. Qe3 Rb4 18. a3 Rg4 19. Be2 Rxg5 20. Qxa7 h3 21. g3 Rxe5 22. f4 Rf5 23. Bg4 Rf6 24. Qe3 g5 25. fxg5 Rg6 26. Qd4 Rhg8 27. Qf4 Qxg5 28. Bxh3 Qxg3+ 29. Qxg3 Rxg3+ 30. Kh2 Ne5 0-1

[Event "GER-ch65 email"]
[Site "GER email"]
[Date "2012.11.27"]
[Round "?"]
[White "Hildebrand, Gerald"]
[Black "Scharf, Wolfgang"]
[Result "1/2-1/2"]
[WhiteElo "2118"]
[BlackElo "2019"]
[PlyCount "76"]
[EventDate "2012.12.01"]
[EventType "tourn (corr)"]
[EventRounds "14"]
[EventCountry "GER"]
[SourceTitle "Corr 2015"]
[Source "ChessBase"]
[SourceDate "2015.07.17"]
[SourceVersion "1"]
[SourceVersionDate "2015.07.17"]
[SourceQuality "1"]

1. d4 Nf6 2. c4 e6 3. g3 c5 4. Nf3 cxd4 5. Nxd4 Qc7 6. e3 a6 7. Nc3 Be7 8. Qe2 Nc6 9. Bd2 Nxd4 10. exd4 b5 11. Bf4 d6 12. cxb5 Bb7 13. Rg1 0-0 14. bxa6 Bxa6 15. Qd2 Bxf1 16. Kxf1 Qb7 17. a4 Ng4 18. d5 e5 19. h3 exf4 20. hxg4 fxg3 21. Rxg3 Bf6 22. a5 Qb4 23. a6 Be5 24. Rh3 Qxg4 25. Qd3 h6 26. Ra4 Qg5 27. Nd1 Rfc8 28. Rhh4 g6 29. Rac4 Re8 30. Rb4 h5 31. Rhe4 f5 32. Re1 h4 33. Nc3 Rxa6 34. f4 Qg4 35. Qe2 Qh3+ 36. Qg2 Qd3+ 37. Qe2 Qh3+ 38. Qg2 Qd3+ 1/2-1/2